Плавучие АЭС России: угроза Арктике, Мировому океану и режиму нераспространения

Bibliografiske detaljer
Corporate Authors: Российский Зеленый Крест, Центр экологической политики России
Andre forfattere: Кузнецов В. М., Яблоков А. В., Колтон И. Б., Симонов Е. Я., Десятов В. М., Форофонтов И. В., Никитин А. К.
Summary:Дано краткое описание строящейся плавучей АЭС. Анализ экологических, экономических и политических последствий реализации планов Минатома России по размещению плавучих АЭС. Основной вывод: плавучие АЭС будут опасны с экологической точки зрения, они не могут быть выгоды и экономически. Их распространение приведет к резкому расширению возможностей получения ядерных делящихся материалов, пригодных для создания ядерного оружия, и будет способствовать окончательному подрыву режима нераспространения ядерного оружия. Распространение плавучих АЭС открывает также широкие горизонты для международного атомного шантажа и терроризма. Анализ нарушений в работе судовых и корабельных (прототипов) ядерных энергетических установок (ЯЭУ), и анализ действующих в России нормативных документов по ядерной и радиационной безопасности для транспортных ЯЭУ. Издание рассчитано на широкий круг читателей, интересующихся проблемами ядерной и радиационной безопасности, экологии, Арктики и Мирового океана.
Sprog:russisk
Udgivet: Москва, Агентство Ракурс Продакшн, 2001
Udgivelse:2-е изд., доп. и перераб.
Fag:
Format: Bog
KOHA link:https://koha.lib.tpu.ru/cgi-bin/koha/opac-detail.pl?biblionumber=83524

MARC

LEADER 00000nam0a2200000 4500
001 83524
005 20231101213312.0
010 |a 5901894014 
035 |a (RuTPU)RU\TPU\book\89805 
090 |a 83524 
100 |a 20051018d2001 km y0rusy50 ca 
101 0 |a rus 
102 |a RU 
105 |a a z 001zy 
200 1 |a Плавучие АЭС России: угроза Арктике, Мировому океану и режиму нераспространения  |f В. М. Кузнецов, А. В. Яблоков, И. Б. Колтон и др.  |g Российский Зеленый Крест; Центр экологической политики России 
205 |a 2-е изд., доп. и перераб. 
210 |a Москва  |c Агентство Ракурс Продакшн  |d 2001 
215 |a 109 с.  |c ил. 
320 |a Список принятых сокращений: с. 101 
320 |a Библиогр.: с. 102-107 
330 |a Дано краткое описание строящейся плавучей АЭС. Анализ экологических, экономических и политических последствий реализации планов Минатома России по размещению плавучих АЭС. Основной вывод: плавучие АЭС будут опасны с экологической точки зрения, они не могут быть выгоды и экономически. Их распространение приведет к резкому расширению возможностей получения ядерных делящихся материалов, пригодных для создания ядерного оружия, и будет способствовать окончательному подрыву режима нераспространения ядерного оружия. Распространение плавучих АЭС открывает также широкие горизонты для международного атомного шантажа и терроризма. Анализ нарушений в работе судовых и корабельных (прототипов) ядерных энергетических установок (ЯЭУ), и анализ действующих в России нормативных документов по ядерной и радиационной безопасности для транспортных ЯЭУ. Издание рассчитано на широкий круг читателей, интересующихся проблемами ядерной и радиационной безопасности, экологии, Арктики и Мирового океана. 
606 1 |a Атомные электрические станции  |2 stltpush  |3 (RuTPU)RU\TPU\subj\72348  |9 85907 
610 1 |a атомные электростанции 
610 1 |a плавучие АЭС 
610 1 |a создание 
610 1 |a техническая характеристика 
610 1 |a история 
610 1 |a экономические последствия 
610 1 |a стоимость 
610 1 |a экология 
610 1 |a окружающая среда 
610 1 |a аварии 
610 1 |a радиоактивные выбросы 
610 1 |a радиационные загрязнения 
610 1 |a Россия 
610 1 |a российское законодательство 
610 1 |a ядерные энергетические установки 
610 1 |a ЯЭУ 
610 1 |a опасность 
610 1 |a безопасность 
675 |a 621.311.25:621.039  |v 3 
701 1 |a Кузнецов  |b В. М. 
701 1 |a Яблоков  |b А. В. 
701 1 |a Колтон  |b И. Б. 
701 1 |a Симонов  |b Е. Я. 
701 1 |a Десятов  |b В. М. 
701 1 |a Форофонтов  |b И. В. 
701 1 |a Никитин  |b А. К. 
712 0 2 |a Российский Зеленый Крест  |2 stltpush  |3 (RuTPU)RU\TPU\col\7454  |9 24324 
712 0 2 |a Центр экологической политики России  |2 stltpush  |3 (RuTPU)RU\TPU\col\1788 
801 1 |a RU  |b 63413507  |c 20051018  |g PSBO 
801 2 |a RU  |b 63413507  |c 20210610  |g PSBO 
900 |a Правовые и международные аспекты нераспространения 
942 |c BK